[Event "Treviso op-C 4th"]
[Site "Treviso"]
[Date "2023.04.02"]
[Round "5"]
[White "Franchetto, Gabriele"]
[Black "Cavaluzzi, Alessandro"]
[Result "1-0"]
[WhiteElo "999"]
[BlackElo "1051"]
[PlyCount "97"]
[EventDate "2023.03.31"]
[EventType "swiss"]
[EventRounds "5"]
[EventCountry "ITA"]
[SourceTitle "EXT 2024"]
[Source "ChessBase"]
[SourceDate "2023.10.10"]
[SourceVersion "1"]
[SourceVersionDate "2023.10.10"]
[SourceQuality "1"]

1. e4 e6 2. Nf3 d5 3. Nc3 c5 4. Bb5+ Nc6 5. d3 Nf6 6. Bg5 Be7 7. 0-0 0-0 8. Qd2 dxe4 9. dxe4 Qxd2 10. Nxd2 h6 11. Bh4 Nh7 12. Bg3 a6 13. Be2 b5 14. a3 Bb7 15. Rfd1 Nd4 16. Bd3 Bg5 17. Nf3 Nxf3+ 18. gxf3 Bf6 19. e5 Bg5 20. f4 Be7 21. Bxh7+ Kxh7 22. Rd7 Bf3 23. Rxe7 c4 24. Rd7 f6 25. exf6 Rxf6 26. Rd2 Rg6 27. Ne2 Bg4 28. Nd4 Rd8 29. Kf1 h5 30. Ke1 Rh6 31. h4 Rf6 32. f3 Bh3 33. Rad1 Rg6 34. Bf2 Rf6 35. Re2 Rxf4 36. Nxe6 Rxd1+ 37. Kxd1 Bxe6 38. Rxe6 Rxf3 39. Ke2 Rf6 40. Re5 g6 41. Bd4 Rf7 42. Ke3 g5 43. Rxg5 Re7+ 44. Kd2 Rd7 45. c3 Rf7 46. Rxh5+ Kg6 47. Rg5+ Kh6 48. Be3 Rd7+ 49. Rd5+ 1-0